000 00532nam a2200217Ia 4500
003 0100
005 20141101020005.0
008 130303s9999 xx 000 0 und d
020 _a0486209474
040 _cARRUPELIB
050 _aBJ1114.S27 1962
100 _aSchlick, Moritz
_98301
245 _aProblems of Ethics
260 _aNew York
260 _bDover Publications, Inc.
300 _axxi
300 _b 217p. 22cm.
650 _aETHICS
_98302
700 _aRynin, David (tr.)
_98303
942 _2lcc
_cMONOGRAPH
_07
999 _c7515
_d7515